Las lógicas del cuidado infantil (Registro nro. 4016)
[ vista simple ]
| 000 -LEADER | |
|---|---|
| fixed length control field | 01709 a2200253 4500 |
| 001 - CONTROL NUMBER | |
| control field | 45834 |
| 005 - DATE AND TIME OF LATEST TRANSACTION | |
| control field | 20260407155730.0 |
| 008 - FIXED-LENGTH DATA ELEMENTS--GENERAL INFORMATION | |
| fixed length control field | 260407a2012 arg spa d |
| 003 - CONTROL NUMBER IDENTIFIER | |
| control field | AR-UNSa-BCEJYS |
| 040 ## - CATALOGING SOURCE | |
| Original cataloging agency | AR-UNSa-BCEJYS |
| Language of cataloging | spa |
| Transcribing agency | AR-UNSa-BCEJYS |
| 080 ## - UNIVERSAL DECIMAL CLASSIFICATION NUMBER | |
| Universal Decimal Classification number | 316.356.2 |
| Common auxiliary subdivision | Grupos consanguíneos. Familia. Sociología de la familia |
| 020 ## - INTERNATIONAL STANDARD BOOK NUMBER | |
| International Standard Book Number | 978-987-21625-1-1 |
| 041 ## - LANGUAGE CODE | |
| Language code of text/sound track or separate title | spa |
| 100 1# - MAIN ENTRY--PERSONAL NAME | |
| Personal name | Faur, Eleonor |
| 245 10 - TITLE STATEMENT | |
| Title | Las lógicas del cuidado infantil |
| Name of part/section of a work | entre las familias, el estado y el mercado |
| 264 #1 - PRODUCTION, PUBLICATION, DISTRIBUTION, MANUFACTURE, AND COPYRIGHT NOTICE | |
| Place of production, publication, distribution, manufacture | Buenos Aires : |
| Name of producer, publisher, distributor, manufacturer | IDES |
| Date of production, publication, distribution, manufacture, or copyright notice | 2012 |
| 300 ## - PHYSICAL DESCRIPTION | |
| Extent | 260 p. |
| Dimensions | 23 cm. |
| 505 ## - FORMATTED CONTENTS NOTE | |
| Formatted contents note | 1. Hacia la conceptualización del cuidado: familia, mercado y estado / Valeria Esquivel, Eleonor Faur y Elizabeth Jelin – 2. La familia en Argentina: Trayectorias históricas y realidades contemporáneas / Elizabeth Jelin – 3. El cuidado infantil en las familias. Un análisis en base a la Encuesta de Uso del Tiempo de la Ciudad de Buenos Aires / Elizabeth Jelin – 4. El cuidado infantil desde las perspectivas de las mujeres-madres. Un estudio en dos barrios populares en el Área Metropolitana de Buenos Aires / Eleonor Faur – 5. La regulación laboral de las trabajadoras domésticas en Argentina: situación actual y perspectivas / Francisca Pereyra – 6. Un puente entre los gestos y la imagen. Notas metodológicas sobre el trabajo de campo con fotografías / Matías Bruno – 7. Coreografías del cuidado : ensayo fotográfico / Sobre las autoras y el autor. |
| 590 ## - LOCAL NOTE (RLIN) | |
| Local note | niveau_biblio:m niveau_hierar:0 |
| 700 1# - ADDED ENTRY--PERSONAL NAME | |
| Personal name | Esquivel, Valeria |
| 700 1# - ADDED ENTRY--PERSONAL NAME | |
| Personal name | Jelin, Elizabeth |
| 856 41 - ELECTRONIC LOCATION AND ACCESS | |
| Uniform Resource Identifier | <a href="https://www.biblioeco.unsa.edu.ar/pmb/images/libros/L127199.jpg">https://www.biblioeco.unsa.edu.ar/pmb/images/libros/L127199.jpg</a> |
| Link text | Imagen de portada |
| Electronic format type | image/jpeg |
| 942 ## - ADDED ENTRY ELEMENTS (KOHA) | |
| Koha item type | |
| Withdrawn status | Lost status | Damaged status | Not for loan | Home library | Current library | Shelving location | Date acquired | Total checkouts | Full call number | Barcode | Date last seen | Price effective from | Koha item type |
|---|---|---|---|---|---|---|---|---|---|---|---|---|---|
| Biblioteca Prof. Eusebio Cleto del Rey | Biblioteca Prof. Eusebio Cleto del Rey | 07/04/2026 | 316.356.2 E74 | L127199 | 07/04/2026 | 07/04/2026 | Libro |